LEADER 01869nas 2200577-a 450 001 9910144792503321 005 20220428213021.0 011 $a1946-9659 035 $a(OCoLC)297955591 035 $a(CKB)991042732726260 035 $a(CONSER)--2009207475 035 $a(EXLCZ)99991042732726260 100 $a20090109a19459999 -a- a 101 0 $aeng 135 $aur||||||||||| 181 $ctxt$2rdacontent 182 $cc$2rdamedia 183 $acr$2rdacarrier 200 10$aHighway statistics$iSummary to .. 210 $aWashington, D.C. $cPublic Roads Administration, Federal Works Agency 311 $a1099-9701 606 $aRoads$zUnited States$vStatistics$vPeriodicals 606 $aTransportation, Automotive$zUnited States$vStatistics$vPeriodicals 606 $aRoutes$zÉtats-Unis$vStatistiques$vPériodiques 606 $aTransports routiers$zÉtats-Unis$vStatistiques$vPériodiques 606 $aRoads$2fast$3(OCoLC)fst01098511 606 $aTransportation, Automotive$2fast$3(OCoLC)fst01155327 607 $aUnited States$2fast 608 $aStatistics 608 $aPeriodical 608 $aperiodicals.$2aat 608 $aPeriodicals.$2fast 608 $aStatistics.$2fast 608 $aStatistics.$2lcgft 608 $aPeriodicals.$2lcgft 608 $aStatistiques.$2rvmgf 608 $aPériodiques.$2rvmgf 615 0$aRoads 615 0$aTransportation, Automotive 615 6$aRoutes 615 6$aTransports routiers 615 7$aRoads. 615 7$aTransportation, Automotive. 676 $a388 712 02$aUnited States.$bPublic Roads Administration. 712 02$aUnited States.$bBureau of Public Roads. 712 02$aUnited States.$bFederal Highway Administration. 906 $aJOURNAL 912 $a9910144792503321 996 $aHighway statistics$92124701 997 $aUNINA LEADER 01169nam a2200289 i 4500 001 991003609419707536 005 20020509125039.0 008 981228s1976 it ||| | ita 035 $ab11187062-39ule_inst 035 $aPARLA185056$9ExL 040 $aDip.to Filosofia$bita 082 0 $a614 100 1 $aBerlinguer, Giovanni$03600 245 10$aMalaria urbana :$bpatologia delle metropoli /$cGiovanni Berlinguer 260 $aMilano :$bFeltrinelli,$c1976 300 $a343 p. :$bgraf. ;$c21 cm. 490 0 $aMedicina e potere ;$v14 650 4$aCittà$zItalia$xCondizioni sanitarie 650 4$aSalute 907 $a.b11187062$b23-02-17$c28-06-02 912 $a991003609419707536 945 $aLE005 300 BER04. 01$g1$i2005000032592$lle005$o-$pE0.00$q-$rl$s- $t0$u0$v0$w0$x0$y.i11335397$z28-06-02 945 $aLE002 Dir. IV N 16$g1$i2002000477750$lle002$o-$pE0.00$q-$rl$s- $t0$u0$v0$w0$x0$y.i1057976x$z27-06-02 945 $aLE009 GEOG.13-9$g1$i2009000260733$lle009$o-$pE0.00$q-$rl$s- $t0$u0$v0$w0$x0$y.i13258552$z16-04-04 996 $aMalaria urbana$9501475 997 $aUNISALENTO 998 $ale005$ale002$ale009$b01-01-98$cm$da $e-$fita$git $h0$i1